Deuda externa y transición a la democracia
Uloženo v:
| Hlavní autor: | |
|---|---|
| Médium: | Kniha |
| Jazyk: | španělština |
| Vydáno: |
Santiago
Pet : Sepade : Sur
1990
|
| Témata: | |
| Tagy: |
Přidat tag
Žádné tagy, Buďte první, kdo vytvoří štítek k tomuto záznamu!
|
MARC
| LEADER | 00000nam a2200000 a 4500 | ||
|---|---|---|---|
| 001 | UCX2672 | ||
| 003 | CL-VaPUC | ||
| 008 | 910722e19900000CL |||||||||||||||||spa|d | ||
| 082 | 0 | 4 | |a 336.3 |b VEL |2 21 |
| 100 | 0 | |a Velasquez P, Mario |e author |9 318714 | |
| 245 | 1 | 0 | |a Deuda externa y transición a la democracia |
| 300 | |a 139 p | ||
| 942 | |c BK | ||
| 945 | |d 19910722 00:00:00 | ||
| 260 | |a Santiago |b Pet : Sepade : Sur |c 1990 | ||
| 650 | 7 | |a DEUDA EXTERNA ASPECTOS POLITICOS |2 CL-VaPUC |9 318715 | |
| 583 | |a last modification |c 19910722 00:00:00 |k Rodrigo Vera | ||
| 999 | |c 223642 |d 223640 | ||
| 952 | |0 0 |1 0 |4 0 |6 336_300000000000000_VEL_1990 |7 0 |8 A |9 219650 |a BIBGIM |b BIBGIM |d 2019-11-15 |i 2883414 |o 336.3 VEL 1990 |p 2883414 |r 2025-01-15 |w 2019-11-15 |y BK |k SSL | ||